00803 2200277 4500001002100000005001700021008004100038020001800079035002500097082001100122090001800133100002100151245011500172250001100287260003700298300002300335500003600358650002500394700001400419700001600433700001700449850001200466990001500478990001600493990001600509YOGYA-0209000001438120150701135443.0 ind  a979-560-320-5 a0010-020900000014381 a297.01 a297.01bIsm B aISMAIL, Muhammad aBunga rampai pemikiran Islam /cMuhammad Ismail, penerjemah, Nurkhalis ; penyunting, A.R. Nasser, A. saefullah aCet. 1 aJakartabGema Insani Pressc1993 a198 hlm. ;c18 cm. aJudul asli : Al Fikrm Al Islamy aIslam - Perkembangan aNurkhalis aNasser, A.R aSaefullah, A aYOPDYOG a80055-P/96 a106718-P/98 a106719-P/98